| 000 | 00505nam a2200181Ia 4500 | ||
|---|---|---|---|
| 008 | 240925s9999 xx 000 0 und d | ||
| 020 | _a9780070647763 | ||
| 082 | _a620.0028 HOL | ||
| 100 | _aHolman, J.P. | ||
| 245 | 0 | _aExperimental Methods for Engineers | |
| 250 | _a7th | ||
| 260 |
_aNew Delhi: _bMcGraw Hill Education (India) Private Limited _c,2009. |
||
| 300 |
_axi, 425p. _bNA _fOriginal |
||
| 500 | _aIncludes Index | ||
| 600 | _aElectronic Engineering | ||
| 650 | _aTechnology | ||
| 942 | _cBK | ||
| 999 |
_c15171 _d15171 |
||